Skrátené úmrtnostné tabuľky za okresy a kraje Slovenskej republiky

Uložené v:
Podrobná bibliografia
Médium: Kniha
Jazyk:Slovak
Vydavateľské údaje: Bratislava Štatistický úrad Slovenskej republiky 2004
Edícia:Demografia a sociálna štatistika
Predmet:
Tagy: Pridať tag
Žiadne tagy, Buďte prvý, kto otaguje tento záznam!

MARC

LEADER 00000nam a2200000 4500
001 0024113
005 20251210074014.3
041 0 |a slo 
044 |a SK 
245 1 0 |a Skrátené úmrtnostné tabuľky za okresy a kraje Slovenskej republiky 
264 1 |a Bratislava  |b Štatistický úrad Slovenskej republiky  |c 2004 
300 |a 158 s. 
490 1 |a Demografia a sociálna štatistika 
830 0 |a Demografia a sociálna štatistika 
610 2 0 |a Slovensko 
610 2 0 |a demografia 
610 2 0 |a úmrtnosť